Państwa Ameryki Środkowej - Statystyki

Ogólne statystyki
  • Ten quiz został rozwiązany 50 285 razy
  • Średni wynik to 6 z 7
Odpowiedzi na mapie
Odpowiedzi zakodowano w zielono-czerwonej skali na mapie do tego quizu, zgodnie z poniższymi procentami.
 
Statystyki odpowiedzi
Kraj % Poprawnych
Panama
93%
Honduras
82%
Kostaryka
80%
Gwatemala
76%
Nikaragua
76%
Salwador
75%
Belize
71%
Nie znaleziono quizów pasujących do podanych kryteriów
Rozkład punktacji
Procent ludzi z każdym wynikiem
Percentyl według liczby udzielonych odpowiedzi
Twoja historia wyników
Nie rozwiązałeś tego quizu